| 000 | 00501nam a2200133Ia 4500 | ||
|---|---|---|---|
| 008 | 220216s9999 xx 000 0 und d | ||
| 100 | _aVarghese S | ||
| 245 | 0 | _aLayered silicated/rubber nanocomposites via latex and solution intercalations | |
| 260 | _bIn: Polymer Composites: From nano- to macro-scales (Klaus Friedrich, Stoyko Fakirov and Zhong Zhang) Springer, USA, 2005. pp. 77-90. | ||
| 650 | _aLatex intercalation | ||
| 650 | _aNanocomposites | ||
| 700 | _aKarger-Kocsis Jozsef | ||
| 942 | _cBS | ||
| 999 |
_c51464 _d51464 |
||